| 000 | 00845nam a2200265 a 4500 | ||
|---|---|---|---|
| 999 |
_c12026 _d12026 |
||
| 001 | 12026 | ||
| 003 | BD-JhCC | ||
| 005 | 20210308084423.0 | ||
| 008 | 210308b2005 bg |||| ||a| 000 0 eng d | ||
| 020 | _a9848090185 | ||
| 035 | _a(BD-JhCC)12026 | ||
| 040 |
_aBD-JhCC _dBD-JhCC |
||
| 041 | _aeng | ||
| 082 |
_a004.21 _bHAF 2005 |
||
| 100 | _aHafiz,Munawar | ||
| 245 |
_aSystems Analysis And Design- A Practitioner's Approach / _cHafiz Munawar,M.Sohel Rahman,Mohammed Eunus Ali, M.Kaykobad |
||
| 260 |
_aDhaka: _bUniversity Grants Commission Of Bangladesh; _c2005. |
||
| 300 |
_a648 P. : _c21 cm. |
||
| 650 |
_aSystem design _xSystem analysis _ySystems programming (Computer science) _zSoftware engineering |
||
| 700 | _aRahman,M.Sohel | ||
| 700 | _aAli, Mohammed Eunus | ||
| 700 | _aKaykobad,M. | ||
| 942 |
_2ddc _cBK |
||